Score 0/20 Timer 10:00
0 Plays Today
Position Person % Correct
1stTerry Fator
100%
7thSide Swipe
84.6%
2ndCas Haley
76.9%
3rdButterscotch
76.9%
5thJason Pritchett
76.9%
6thThe Glamazons
76.9%
9thThe Duttons
76.9%
10thCalypso Tumblers
76.9%
4thJulienne Irwin
69.2%
8thRobert Hatcher
69.2%
Position Person % Correct
Semi-Final OneKevin James
69.2%
Semi-Final TwoThe Fault Line
69.2%
Semi-Final OneManuel Romero
61.5%
Semi-Final TwoSecond Story Guys
61.5%
Semi-Final TwoSouthern Girl
61.5%
Semi-Final OneJohnny Lonestar
53.8%
Semi-Final OneJonny Come Lately
46.2%
Semi-Final TwoLuigi Padilla
38.5%
Semi-Final One Mohammed Kashif
30.8%
Semi-Final TwoGregory Popovich's Comedy Pet Theater
23.1%
Remove Ads.
Support Sporcle.
Get the best of Sporcle when you Go Orange. This ad-free experience offers more features, more stats, and more fun while also helping to support Sporcle. Thank you for becoming a member.

You're not logged in!

Compare scores with friends on all Sporcle quizzes.
OR
Log In

Show Comments

Extras

Top Quizzes Today


Score Distribution

Your Account Isn't Verified!

In order to create a playlist on Sporcle, you need to verify the email address you used during registration. Go to your Sporcle Settings to finish the process.

Report this User

Report this user for behavior that violates our Community Guidelines.

Details: